[Event "Weltmeisterschaft Girls U20"]
[Site "Istanbul"]
[Date "2005.11.11"]
[Round "3"]
[White "Khukhashvili, Sopiko"]
[Black "Paehtz, Elisabeth"]
[Result "1/2-1/2"]
[WhiteElo "2362"]
[BlackElo "2408"]
[PlyCount "44"]
[EventDate "2005.11.08"]

1. e4 c5 2. Nf3 d6 3. d4 cxd4 4. Nxd4 Nf6 5. f3 e5 6. Bb5+ Nbd7 7. Nf5 d5 8.
exd5 a6 9. Ba4 b5 10. Bb3 Nb6 11. Ne3 Bc5 12. Nc3 Ra7 13. Qd3 Rd7 14. Ne4 Bxe3
15. Nxf6+ gxf6 16. Qxe3 Nxd5 17. Qe2 Rd6 18. O-O O-O 19. a4 Re8 20. axb5 Qb6+
21. Qf2 axb5 22. Rd1 Red8 1/2-1/2

[Event "Weltmeisterschaft Girls U20"]
[Site "Istanbul"]
[Date "2005.11.13"]
[Round "5"]
[White "Sharevich, Anna"]
[Black "Paehtz, Elisabeth"]
[Result "0-1"]
[WhiteElo "2305"]
[BlackElo "2408"]
[PlyCount "85"]
[EventDate "2005.11.08"]

1. d4 e6 2. c4 Nf6 3. g3 d5 4. Bg2 Be7 5. Nf3 O-O 6. O-O dxc4 7. Qc2 a6 8. a4
Bd7 9. Qxc4 Bc6 10. Bg5 Nbd7 11. Nc3 h6 12. Bxf6 Nxf6 13. Qd3 Bxf3 14. Bxf3 c6
15. Rfd1 Qa5 16. e4 e5 17. Ne2 Rad8 18. Qc3 Bb4 19. Qb3 exd4 20. Nxd4 Bc5 21.
Ne2 Nd7 22. Nc3 Ne5 23. Be2 Bb6 24. Qa3 Ba7 25. Rf1 Rd2 26. Rad1 Rxd1 27. Nxd1
Qd2 28. Nc3 Qd4 29. Kg2 b5 30. axb5 axb5 31. b4 Bb6 32. f4 Nc4 33. Bxc4 Qxc4
34. Rf3 Rd8 35. Qa6 Bd4 36. Qa3 Bxc3 37. Qxc3 Qxe4 38. Kh3 Qf5+ 39. g4 Qd5 40.
Kg3 Rd6 41. Qc2 Qd4 42. Qf5 g6 43. Qc5 0-1

[Event "Weltmeisterschaft Boys U20"]
[Site "Istanbul"]
[Date "2005.11.13"]
[Round "5"]
[White "Rau, Hannes"]
[Black "Wang, Yue"]
[Result "0-1"]
[WhiteElo "2421"]
[BlackElo "2585"]
[PlyCount "48"]
[EventDate "2005.11.08"]

1. c4 c6 2. Nf3 d5 3. d4 Nf6 4. a4 dxc4 5. Nh4 Bf5 6. Nxf5 e6 7. e3 exf5 8.
Bxc4 Bb4+ 9. O-O O-O 10. Qc2 Nbd7 11. Bb3 Nb6 12. f3 Qd7 13. Qf2 Rfe8 14. a5
Rad8 15. Bd2 Nbd5 16. Re1 Bf8 17. Bc3 Nc7 18. Qd2 a6 19. Qc2 g6 20. Bc4 Bd6 21.
f4 Bf8 22. Qb3 c5 23. d5 Bg7 24. Be5 Ne4 0-1

[Event "Weltmeisterschaft Girls U20"]
[Site "Istanbul"]
[Date "2005.11.19"]
[Round "10"]
[White "Paehtz, Elisabeth"]
[Black "Zawadzka, Jolanta"]
[Result "1-0"]
[WhiteElo "2408"]
[BlackElo "2381"]
[PlyCount "79"]
[EventDate "2005.11.08"]

1. e4 e5 2. Nf3 Nc6 3. Bb5 a6 4. Ba4 Nf6 5. d3 d6 6. c3 g6 7. Nbd2 Bg7 8. Nf1
O-O 9. Ng3 Nd7 10. Bc2 Qe7 11. O-O f5 12. exf5 gxf5 13. d4 e4 14. Bg5 Qf7 15.
Nh4 Nb6 16. f3 h6 17. fxe4 hxg5 18. Nhxf5 Bxf5 19. Nxf5 Qf6 20. Qh5 Rf7 21. Bb3
d5 22. Ne3 Qe7 23. Nxd5 Nxd5 24. Bxd5 Raf8 25. Rf3 Nd8 26. Raf1 Ne6 27. Rxf7
Rxf7 28. Rxf7 Qxf7 29. Qg4 Kf8 30. Qxe6 Qxe6 31. Bxe6 b6 32. Kf2 Ke7 33. Bc8 c5
34. dxc5 bxc5 35. Bxa6 Be5 36. g3 Kd6 37. Bc4 Bf6 38. Kf3 Ke5 39. Bd5 Bd8 40.
Kg4 1-0

[Event "Weltmeisterschaft Girls U20"]
[Site "Istanbul"]
[Date "2005.11.19"]
[Round "10"]
[White "Hoolt, Sarah"]
[Black "Gevorgyan, Irina"]
[Result "0-1"]
[WhiteElo "2144"]
[BlackElo "2099"]
[PlyCount "72"]
[EventDate "2005.11.08"]

1. e4 c6 2. d4 d5 3. Nc3 dxe4 4. Nxe4 Bf5 5. Ng3 Bg6 6. f4 Nf6 7. f5 Bxf5 8.
Nxf5 Qa5+ 9. c3 Qxf5 10. Bd3 Qa5 11. Nf3 e6 12. Bf4 Nbd7 13. O-O Be7 14. b4 Qd8
15. Qe2 Nd5 16. Bd2 N7f6 17. Rae1 O-O 18. Ng5 g6 19. Rf3 Nc7 20. Ref1 a5 21.
Ne4 Nxe4 22. Qxe4 f5 23. Qe2 axb4 24. Bc4 Qd7 25. cxb4 Bf6 26. Kh1 Nd5 27. Qf2
Bg7 28. a3 Kh8 29. Re1 Rfe8 30. Ba2 Nf6 31. Qh4 Ne4 32. Bh6 Bf6 33. Qf4 Qxd4
34. Bb1 g5 35. Qe3 Qxe3 36. Rexe3 Nd2 0-1

[Event "Weltmeisterschaft Girls U20"]
[Site "Istanbul"]
[Date "2005.11.20"]
[Round "11"]
[White "Ursic, Simona"]
[Black "Hoolt, Sarah"]
[Result "1/2-1/2"]
[WhiteElo "2040"]
[BlackElo "2144"]
[PlyCount "114"]
[EventDate "2005.11.08"]

1. e4 e6 2. d4 d5 3. Nd2 Nc6 4. Ngf3 Nf6 5. e5 Nd7 6. c3 f6 7. exf6 Qxf6 8. Nb3
h6 9. Be2 Bd6 10. O-O O-O 11. Be3 e5 12. dxe5 Ndxe5 13. Nbd4 Nxd4 14. Bxd4 c6
15. Re1 Nxf3+ 16. Bxf3 Qf4 17. h3 Bxh3 18. gxh3 Qxf3 19. Qxf3 Rxf3 20. Kg2 Rf7
21. Re6 Bf4 22. Rae1 a6 23. h4 h5 24. Rg6 Rc8 25. b4 Kh7 26. Ree6 Ra8 27. a3 a5
28. Kf1 axb4 29. axb4 Ra2 30. Rg2 Bd2 31. Reg6 Bh6 32. Kg1 Ra1+ 33. Kh2 Bf4+
34. R2g3 Bxg3+ 35. Rxg3 g6 36. Re3 Rxf2+ 37. Kg3 Rf7 38. Re8 g5 39. Rh8+ Kg6
40. Rg8+ Kf5 41. hxg5 h4+ 42. Kh3 Re7 43. g6 Re2 44. Kxh4 Rg2 45. Rf8+ Ke4 46.
Re8+ Kd3 47. Re3+ Kd2 48. Rg3 Rxg3 49. Kxg3 Ra8 50. Kf4 b6 51. Kf5 c5 52. bxc5
bxc5 53. Bf6 Ke3 54. Ke6 d4 55. cxd4 cxd4 56. Bxd4+ Kxd4 57. g7 Rg8 1/2-1/2

[Event "Weltmeisterschaft Boys U20"]
[Site "Istanbul"]
[Date "2005.11.20"]
[Round "11"]
[White "Rau, Hannes"]
[Black "Zhigalko, Sergei"]
[Result "0-1"]
[WhiteElo "2421"]
[BlackElo "2490"]
[PlyCount "206"]
[EventDate "2005.11.08"]

1. d4 Nf6 2. c4 e6 3. Nc3 Bb4 4. Qc2 O-O 5. a3 Bxc3+ 6. Qxc3 d6 7. Bg5 Nbd7 8.
e3 b6 9. Bd3 h6 10. Bh4 c5 11. Ne2 Ba6 12. Qc2 cxd4 13. exd4 Rc8 14. Qa4 Nb8
15. Rc1 d5 16. b3 Qd7 17. Qxd7 Nbxd7 18. O-O dxc4 19. Bxc4 Bxc4 20. bxc4 Rc6
21. Rc2 Rfc8 22. Rfc1 Ne4 23. Be7 Nd6 24. Bxd6 Rxd6 25. f4 Nf6 26. Kf2 g5 27.
Kf3 Kg7 28. h3 Rdc6 29. Rc3 Kg6 30. g3 Ne8 31. c5 Rd8 32. Rb1 Nf6 33. cxb6 Rxb6
34. Rxb6 axb6 35. Rc6 Ra8 36. Rxb6 Rxa3+ 37. Kg2 Ra2 38. Kf3 Ra3+ 39. Kg2 Nd5
40. Rb5 Re3 41. Rb2 gxf4 42. Nxf4+ Nxf4+ 43. gxf4 Rd3 44. Rb5 Rxd4 45. Kg3 Rd5
46. Rb7 Rd3+ 47. Kh4 Rd4 48. Kg3 Rd3+ 49. Kh4 h5 50. Rb5 Rf3 51. Rb4 Kf5 52.
Rb7 Kg6 53. Rb4 f6 54. Ra4 Kf5 55. Ra6 Rxf4+ 56. Kxh5 Rf3 57. h4 Rg3 58. Kh6 e5
59. h5 e4 60. Kh7 e3 61. Ra2 Kf4 62. h6 f5 63. Rh2 Ke4 64. Kh8 f4 65. h7 Rg5
66. Rh6 Rb5 67. Kg7 Rb7+ 68. Kg6 Rxh7 69. Rxh7 f3 70. Rf7 f2 71. Kg5 Kd3 72.
Rf3 Ke4 73. Kg4 e2 74. Rxf2 e1=Q 75. Rf4+ Ke5 76. Rf5+ Ke6 77. Rf4 Qe2+ 78. Kg3
Ke5 79. Rf8 Qh5 80. Rf3 Qg5+ 81. Kf2 Ke4 82. Rg3 Qd2+ 83. Kf1 Kf4 84. Rg2 Qd1+
85. Kf2 Qh1 86. Rg8 Qf3+ 87. Kg1 Qd1+ 88. Kh2 Qh5+ 89. Kg1 Qc5+ 90. Kh2 Qf2+
91. Kh1 Qa2 92. Rg2 Qd5 93. Kh2 Kf3 94. Kg1 Qd1+ 95. Kh2 Qd6+ 96. Kg1 Qd4+ 97.
Kh2 Qh4+ 98. Kg1 Qd4+ 99. Kh2 Qd6+ 100. Kg1 Qd1+ 101. Kh2 Qe1 102. Rg6 Qe5+
103. Kg1 Qc5+ 0-1

[Event "Weltmeisterschaft Girls U20"]
[Site "Istanbul"]
[Date "2005.11.21"]
[Round "12"]
[White "Mamedjarova, Turkan"]
[Black "Paehtz, Elisabeth"]
[Result "0-1"]
[WhiteElo "2223"]
[BlackElo "2408"]
[PlyCount "224"]
[EventDate "2005.11.08"]

1. c4 Nf6 2. Nc3 d6 3. g3 g6 4. Bg2 Bg7 5. d3 O-O 6. Bg5 h6 7. Bd2 e5 8. Nf3
Nc6 9. O-O Bf5 10. e4 Bg4 11. h3 Bxf3 12. Bxf3 Nd7 13. Bg2 Nc5 14. Be3 Kh7 15.
Rb1 a5 16. f4 exf4 17. Bxf4 Nd4 18. Qd2 c6 19. Kh2 Nce6 20. Be3 h5 21. Ne2 Nxe2
22. Qxe2 Be5 23. Bf4 h4 24. Qe3 hxg3+ 25. Bxg3 Qh4 26. Qf3 {[%emt 0:00:00]} Kg7
27. Rh1 c5 28. Bf1 Rh8 29. Kg2 Bxg3 30. Qxg3 Qxg3+ 31. Kxg3 Kf6 32. Bg2 Ke5 33.
Rhf1 Rh7 34. Rf2 Nd4 35. Rbf1 Ke6 36. Kf4 Nc6 37. Ke3 Ke7 38. Kd2 Rb8 39. Kc3
b5 40. cxb5 Rxb5 41. b3 Rb4 42. a3 Rd4 43. Rb1 Rh8 44. Bf1 Rb8 45. Rbb2 Ne5 46.
Rb1 Ke6 47. Rfb2 Nc6 48. Rh2 Rh8 49. Be2 Rh4 50. Rf2 Ke7 51. Bf1 Rh5 52. Rbb2
Na7 53. Rf3 Nb5+ 54. Kd2 Rh7 55. a4 Na7 56. Kc3 Nc6 57. Be2 Rb4 58. Bd1 Rb8 59.
Re3 Ke6 60. Rh2 Nd4 61. Rf2 f6 62. Rg2 Kf7 63. Reg3 Rh6 64. h4 Nc6 65. Rf2 Ne5
66. Rh2 Rb4 67. Rgh3 Rd4 68. Rh1 Ke6 69. Rg3 g5 70. Be2 d5 71. exd5+ Kxd5 72.
h5 g4 73. Re3 f5 74. Re1 Nc6 75. Bf1 f4 76. Bg2+ f3 77. Bxf3+ gxf3 78. Rxf3
Rxh5 79. Ree3 Re5 80. Rxe5+ Nxe5 81. Rh3 Rf4 82. Rh8 Nc6 83. Rh5+ Kd6 84. Rh6+
Kc7 85. Rh7+ Kb6 86. Rd7 Rd4 87. Rh7 Rd6 88. Rh5 Nb4 89. Rh3 Kc6 90. Rg3 Kb6
91. Rh3 Nc6 92. Re3 Rd4 93. Rh3 Rb4 94. Rh6 Kc7 95. Rh7+ Kd6 96. Rh6+ Kd5 97.
Rh5+ Ne5 98. Rh8 Rb7 99. Rh5 Rf7 100. Rh8 Rf6 101. Rd8+ Rd6 102. Rh8 Kc6 103.
Rh3 Ng6 104. Rf3 Ne7 105. Rh3 Nd5+ 106. Kd2 Rf6 107. Rh2 Kd6 108. Re2 Rf3 109.
Re4 Rf2+ 110. Kc1 Nb4 111. Rh4 Nxd3+ 112. Kd1 Kd5 0-1

[Event "Weltmeisterschaft Girls U20"]
[Site "Istanbul"]
[Date "2005.11.22"]
[Round "13"]
[White "Bulmaga, Irina"]
[Black "Hoolt, Sarah"]
[Result "0-1"]
[WhiteElo "2122"]
[BlackElo "2144"]
[PlyCount "119"]
[EventDate "2005.11.08"]

1. e4 c5 2. Nf3 e6 3. d3 Nc6 4. g3 d5 5. Qe2 Nf6 6. Bg2 Be7 7. O-O O-O 8. e5
Nd7 9. Re1 b5 10. c3 a5 11. h4 Rb8 12. Bf4 Ba6 13. Nbd2 a4 14. h5 Nb6 15. h6 g6
16. Nh2 b4 17. c4 Nd4 18. Qd1 dxc4 19. dxc4 Bxc4 20. Ng4 Bd5 21. Ne4 Bxe4 22.
Bxe4 Qc7 23. Qc1 Rfc8 24. Bg5 Qd8 25. Bxe7 Qxe7 26. Nf6+ Kh8 27. Qg5 Nd7 28.
Nxh7 Qxg5 29. Nxg5 Nxe5 30. f4 f6 31. fxe5 fxg5 32. Kg2 Kh7 33. Rf1 Nf5 34. Rf2
Kxh6 35. g4 Ne3+ 36. Kg3 Rf8 37. Rf6 Rxf6 38. exf6 Nf5+ 39. gxf5 gxf5 40. Bc6
Kg6 41. Bxa4 Kxf6 42. Rd1 c4 43. Rd6 Ra8 44. Bb5 c3 45. bxc3 bxc3 46. a4 Rc8
47. Rd1 c2 48. Rc1 Rc3+ 49. Kf2 g4 50. a5 Rc5 51. Bd3 Rxa5 52. Rxc2 Kg5 53. Re2
e5 54. Bc4 e4 55. Be6 Re5 56. Bd7 f4 57. Bc6 g3+ 58. Kf1 Kf5 59. Bd7+ Kg5 60.
Bc6 0-1

[Event "Weltmeisterschaft Boys U20"]
[Site "Istanbul"]
[Date "2005.11.22"]
[Round "13"]
[White "Rau, Hannes"]
[Black "El Debs, Felipe De Cresce"]
[Result "1-0"]
[WhiteElo "2421"]
[BlackElo "2341"]
[PlyCount "49"]
[EventDate "2005.11.08"]

1. d4 d5 2. c4 c6 3. Nf3 Nf6 4. Nc3 e6 5. Bg5 Nbd7 6. cxd5 cxd5 7. e3 a6 8. Bd3
b5 9. O-O Bb7 10. a4 b4 11. Nb1 Bd6 12. Nbd2 h6 13. Bh4 O-O 14. a5 Qb8 15. Qa4
Rc8 16. Rfc1 Qa7 17. Bg3 Be7 18. Bc7 Re8 19. Ne5 Nxe5 20. dxe5 Ne4 21. Bxe4
dxe4 22. Nc4 Rad8 23. Bb6 Qb8 24. Bxd8 Rxd8 25. Nb6 1-0